| 000 | 01294cam a22003615a 4500 | ||
|---|---|---|---|
| 001 | 16984202 | ||
| 005 | 20170105102909.0 | ||
| 008 | 110930s2012 enka b 001 0 eng d | ||
| 010 | _a 2011940229 | ||
| 015 |
_aGBB212197 _2bnb |
||
| 016 | 7 |
_a016026238 _2Uk |
|
| 020 | _a9780754626879 (hbk.) | ||
| 020 | _a0754626873 (hbk.) | ||
| 035 | _a(OCoLC)ocn776774026 | ||
| 040 |
_aUKMGB _cUKMGB _dBTCTA _dCDX _dOCLCO _dYNK _dYDXCP _dBWX _dCCX _dDLC |
||
| 042 | _alccopycat | ||
| 050 | 0 | 0 |
_aJZ1318 _b.G5786226 2012 |
| 082 | 0 | 4 |
_a327.09 _223 _bGLO 2012 |
| 245 | 0 | 0 |
_aGlobalization : _bcauses and effects / _cedited by David A. Deese. |
| 260 |
_aFarnham, England ; _aBurlington, VT : _bAshgate, _cc2012. |
||
| 300 |
_axxvii, 575 p. : _bill. ; _c25 cm. |
||
| 490 | 1 | _aThe library of essays in international relations | |
| 504 | _aIncludes bibliographical references and index. | ||
| 650 | 0 |
_aGlobalization _xHistory. |
|
| 650 | 0 |
_aGlobalization _xEconomic aspects. |
|
| 650 | 0 |
_aGlobalization _xSocial aspects. |
|
| 650 | 0 |
_aInternational relations _xHistory. |
|
| 700 | 1 | _aDeese, David A. | |
| 830 | 0 | _aLibrary of essays in international relations. | |
| 906 |
_a7 _bcbc _ccopycat _d2 _encip _f20 _gy-gencatlg |
||
| 942 |
_2ddc _cBK |
||
| 999 |
_c15014 _d15014 |
||